000
00242nam a2200097Ia 4500
001
657816
005
20250826154623.0
008
250824s9999 xx 000 0 und d
245
0
_a
Kocakafa Nate 3/Kampa Gidiyor
_c
Lincoln Peirce
260
_b
ALTIN
999
_c
657816
_d
657816